| 000 | 00693nam a22001337a 4500 | ||
|---|---|---|---|
| 040 | _cRUA | ||
| 082 | _aAGR MOU 2015 B521 Or.1 | ||
| 100 | _aMOUN SEREYVUTH; មួន សេរីវុធ | ||
| 245 | _aMajor weed species on dry season rice and weed control of farmers at Sangkat baray donkeo town, Takeo province; ប្រភេទរុក្ខជាតិចង្រៃលើស្រែប្រាំង និងវិធានការកំចាត់នៅសង្កាត់បារាយ៍ ក្រុងដូនកែវ ខេត្តតាកែវ | ||
| 260 |
_aPhnom Penh _bRUA _c2015 |
||
| 300 |
_axi; 36p; _bill; _c29cm; |
||
| 856 | _u MOUN SEREYVUTH | ||
| 942 | _cAGR | ||
| 999 |
_c10715 _d10715 |
||